[Event "Geneve FIDE GP (Women)"]
[Site "Geneve"]
[Date "2013.05.03"]
[Round "1"]
[White "Khotenashvili, Bela"]
[Black "Ju, Wenjun"]
[Result "1-0"]
[WhiteElo "2505"]
[BlackElo "2544"]
[Annotator "Mikhalchishin,A"]
[PlyCount "73"]
[EventDate "2013.05.03"]
[EventType "tourn"]
[EventRounds "11"]
[EventCountry "SUI"]
[EventCategory "11"]
[SourceTitle "CBM 155"]
[Source "ChessBase"]
[SourceDate "2013.07.16"]
[SourceVersion "1"]
[SourceVersionDate "2013.07.16"]
[SourceQuality "1"]
[WhiteClock "0:01:41"]
[BlackClock "0:01:20"]

1. d4 Nf6 2. c4 g6 3. Nc3 Bg7 4. e4 d6 5. Nf3 O-O 6. h3 c5 7. d5 e6 8. Bd3 exd5
9. cxd5 b5 10. Nxb5 {A very popular modern system against the Benoni. But
White's reaction here is unexpected for Black.} ({A much more popular line is} 
10. Bxb5 Nxe4 11. Nxe4 Qa5+ 12. Nfd2 Qxb5 13. Nxd6 Qa6 14. N2c4 Nd7 15. O-O Ne5
{and Black keeps compensation for the sacrificed pawn.}) 10... Nxe4 $2 {
This move is too risky, but another plan does not guarantee equality either:} (
10... Re8 11. O-O Nxe4 12. Qb3 a6 13. Na3 Nd7 14. Nc4 Rb8 15. Qc2 f5 16. Re1
Ndf6 17. Ng5 Nxd5 18. Bxe4 fxe4 19. Nxe4 Bf5 20. Qd1 Bxe4 21. Rxe4 Rxe4 22.
Qxd5+ Kh8 23. Qxe4 d5 24. Qe2 dxc4 25. Qxc4 Qd1+ 26. Qf1 Qxf1+ 27. Kxf1 c4 28.
Rb1 $5 $146 a5 29. Bf4 Rxb2 30. Rxb2 Bxb2 31. a4 Kg8 32. Ke2 Kf7 33. Kd2 Ke6
34. Bc7 {Epishin,V (2579)-Nedev,T (2514)/Ohrid ) 2001 (38); and Black has huge
problems in the endgame.}) 11. Bxe4 Re8 12. Nd2 $5 ({Extremely interesting is
the fact that both players confirmed that they had forgotten the theory in
this position! Here one of the guests of the tournament GM and former Vice
President of Barclays Bank Aleksandr Volzhin claimed that at the end of the
eighties it was established that White obtains a huge advantage after} 12. Ng5
$1 h6 13. Ne6 fxe6 (13... Qa5+ 14. Nc3 Bxc3+ 15. bxc3 Qxc3+ 16. Bd2 Qc4 17. Qf3
Bxe6 18. Rc1 Bg4 19. Rxc4 Bxf3 20. gxf3 f5 21. Rg1 Kh7 22. Bf4 $16 {Poluljahov,
A (2360)-Glyanets,A (2380)/Moskva}) 14. O-O) 12... Ba6 13. a4 f5 ({The
aggressive} 13... Qa5 {was better:} 14. Nxd6 Nd7 15. Qc2 f5 16. Nxe8 Rxe8 17.
Kd1 fxe4 18. Nxe4 c4 $5 19. Nc3 Bxc3 20. Qxc3 Qxd5+ 21. Bd2 Nc5 (21... Qxg2 22.
Re1 Rxe1+ 23. Bxe1 $14) 22. Re1 Rxe1+ $6 (22... Ne4 {promised just equality:}
23. Rxe4 (23. Qa5 $4 Nxf2+ 24. Kc1 Rxe1+ 25. Bxe1 Qd1#) (23. Qe3 Rd8) 23...
Qxe4 24. Qe3 (24. f3 Qe2+ 25. Kc2 Qxg2 26. Rd1 Qxh3 27. Kc1 $11) 24... Qc6 25.
Qd4 Qxg2 26. Ra3 Qf1+ 27. Kc2 Bc8 28. Re3 $11) 23. Kxe1 Qxg2 24. Bh6 {Vescovi,
G (2633)-Jobava,B (2614)/Wijk aan Zee II 2006; with advantage to White.}) 14.
O-O fxe4 15. Nc4 Be5 {It is very difficult to recommend a good defence here,
as another move was terribly refuted:} (15... Bd4 16. Ncxd6 Rf8 17. Bh6 Bxb2
18. Bxf8 Bxa1 19. Qxa1 Qxf8 20. Qe5 Bxb5 21. axb5 a5 22. Nxe4 {1-0 Graf,A 
(2629)-Ghaem Maghami,E (2549)/Moscow 2004}) 16. Nxe5 ({A slightly different
strategy was possible:} 16. Re1 Bxb5 17. axb5 Nd7 18. Nxe5 Rxe5 19. Bf4 Re8 20.
Bxd6 Qb6 21. Bg3 Qxb5 22. d6 Qc6 23. Qc2 Nb6 24. Ra3 a5 25. Rae3 c4 26. Rxe4
Rxe4 27. Rxe4 Re8 28. Rd4 Qc5 29. Rd1 Nd7 30. Rc1 Nb6 31. b3 Rc8 32. Qe4 Qf5
33. Qb7 cxb3 34. Rxc8+ Qxc8 35. Qxc8+ Nxc8 36. d7 {1-0 Nikolov,M (2565)
-Rabrenovic,V (2396)/Obrenovac 2010/CBM 139 Extra.}) 16... Rxe5 17. Bf4 Rf5 18.
Bg3 Bxb5 19. axb5 Nd7 20. Re1 (20. Bxd6 {was very tempting:} Qb6 21. Be7 Qxb5
22. d6 Qxb2 23. Qa4) 20... Nf6 21. Ra6 $1 {This strong position of the rook is
the main problem for Black in this situation.} Qe8 ({Black gets a very bad
position after} 21... Rxd5 22. Qb3 Kh8 23. Rxe4 Nxe4 24. Qxd5 Nxg3 25. fxg3 Rb8
26. Rxd6) 22. Qa4 Rxd5 23. Qa2 (23. Bxd6 {was strong:} c4 24. Rc6) 23... c4 24.
b6 $1 {Now the a7-pawn decides the game.} Qb5 25. bxa7 Qc5 26. Bf4 Nd7 27. Rc1
({Winning , but complicated was} 27. Rxe4 Rd1+ 28. Kh2 Qxf2 29. Qxc4+ d5 30.
Qc6) 27... Kg7 28. Be3 Qb5 29. Kh2 (29. Qxc4 {was simpler:} Qxc4 30. Rxc4 Nc5
31. Rd4 Re5 32. Rc6 Rxa7 33. Rdxd6) 29... Ne5 30. Rb6 Qd7 31. Rb8 Nf3+ {
The last chance for Black.} 32. Kg3 ({Black would save the game after
accepting the sacrifice} 32. gxf3 Rh5 33. Rb7 Rxh3+ 34. Kg1 Qxb7 35. Qxc4)
32... Rxa7 33. Qxc4 Rg5+ 34. Bxg5 Nxg5 35. Qg8+ Kh6 36. Qf8+ Kh5 37. Qf4 $1 1-0

[Event "RUS-ch"]
[Site "Elista"]
[Date "1995.??.??"]
[Round "6"]
[White "Mitenkov, Alexey"]
[Black "Tseshkovsky, Vitaly"]
[Result "1-0"]
[WhiteElo "2430"]
[BlackElo "2540"]
[Annotator "Mowsziszian,K"]
[PlyCount "57"]
[EventDate "1995.10.??"]
[EventType "swiss"]
[EventRounds "11"]
[EventCountry "RUS"]
[SourceTitle "CBM 050"]
[Source "ChessBase"]
[SourceDate "1996.02.01"]
[SourceVersion "1"]
[SourceVersionDate "1996.02.01"]
[SourceQuality "1"]

1. d4 Nf6 2. c4 e6 3. Nc3 c5 4. d5 exd5 5. cxd5 d6 6. e4 g6 7. h3 Bg7 8. Nf3
O-O 9. Bd3 Na6 10. O-O Nc7 11. a4 b6 12. Bf4 a6 {/\b6-b5} (12... Nfe8 13. Re1
f6 {/\ Kontrolle des Feldes e5.} 14. Rb1 {/\b2-b4()} Na6 15. Na2 Nb8 16. b4 Nd7
17. Bb5 a6 18. Bc6 Ra7 19. bxc5 bxc5 20. Nd2 $16 {()1-0 Rychagov,A-Petrov,MA/
Moscow-ch op (08) ;EXT 95ch 1995 (29)}) 13. Qd2 $146 (13. Re1) (13. Nd2) (13.
Bc4) 13... Ra7 $2 (13... Bb7 $5 {Mit Druck auf d5, dadurch wird der weiße
Vorstoß e4-e5 erschwert.}) 14. Rfe1 Nce8 15. e5 $1 {Die schwarzen Figuren
stehen unflexibel, deswegen kommt der Vorstoß e4-e5 im richtigen Moment.} dxe5
(15... Nh5 16. Bh2 (16. Bg5 f6 17. exf6 Bxf6 {ist in Ordnung  für  Schwarz, 
weil Ra7 kommt im  Spiel}) 16... dxe5 {[] drohte g4} 17. Nxe5 $16 {><c6}) 16.
Nxe5 Bb7 17. Rad1 Qc8 (17... Nxd5 $2 18. Bc4 $18) (17... Nd6 18. Nc6 Bxc6 19.
dxc6 {/\Bg6} Nc8 20. c7 $16 {o^}) 18. Bf1 Nc7 (18... Nd6 19. Nc6 $1 Bxc6 20.
Bxd6 $18) 19. d6 Ncd5 (19... Ne6 20. d7 Qd8 21. Nxf7 (21. Bc4 $5 {><f7}) 21...
Rxf7 (21... Kxf7 22. Rxe6 Kxe6 23. Qd6+ Kf7 24. Bc4+ $18) 22. Rxe6 Rxd7 23. Bc4
$1 Kh8 (23... Rxd2 $2 24. Re8#) 24. Rd6 $16 {_|_}) 20. d7 Qd8 21. Bg5 Nxc3 22.
bxc3 Ra8 23. Bc4 b5 24. Nxf7 bxc4 (24... Rxf7 25. Re8+ $1 $18) 25. Nxd8 Raxd8
26. Re7 Nd5 27. Rxg7+ Kxg7 28. Bxd8 Rxd8 29. Qe2 (29. Qe2 Rxd7 30. Qe6 Rd8 31.
Rxd5 $18 {/\Qe7+}) 1-0

[Event "Villa Gesell"]
[Site "Villa Gesell"]
[Date "1996.??.??"]
[Round "6"]
[White "Tempone, Marcelo"]
[Black "Hoffman, Alejandro"]
[Result "1/2-1/2"]
[WhiteElo "2460"]
[BlackElo "2410"]
[Annotator "Mowsziszian,K"]
[PlyCount "104"]
[EventDate "1996.03.??"]
[EventType "tourn"]
[EventRounds "11"]
[EventCountry "ARG"]
[EventCategory "11"]
[SourceTitle "CBM 052"]
[Source "ChessBase"]
[SourceDate "1996.06.01"]
[SourceVersion "1"]
[SourceVersionDate "1996.06.01"]
[SourceQuality "1"]

1. d4 c5 2. d5 g6 3. e4 Bg7 4. c4 d6 5. Nc3 Nf6 6. Bd3 O-O 7. h3 e6 8. Nf3 exd5
9. cxd5 b5 10. Nxb5 Re8 (10... Nxe4 11. Bxe4 Re8 12. Ng5 h6 13. Ne6 $1 $16) 11.
O-O (11. Bg5 $1 Qb6 12. Bxf6 Bxf6 13. Qb3 $14) 11... Nxe4 12. Re1 (12. Bxe4
Rxe4 13. Re1 Rxe1+ 14. Qxe1 Ba6 (14... Bb7 15. Bf4 Bxd5 16. Rd1 $36) 15. Bg5
Qd7 16. Nc3 (16. Nc7 $4 Qxc7 17. Qe8+ Bf8 18. Re1 {/\Qf8+} Qc8 $8 19. Bh6 Nd7
$19) 16... Bd3 $13) 12... a6 $146 13. Nc3 $2 (13. Na3 $142 {/\Nc4,><a5,b6,d6.}
Nf6 14. Rxe8+ Nxe8 15. Bg5 $14) 13... Nxc3 14. bxc3 Bxc3 15. Bg5 Rxe1+ 16. Qxe1
Bxe1 17. Bxd8 Bc3 18. Rc1 Bb4 19. Bc7 Nd7 20. Bxd6 $10 Bb7 21. Bc4 Nb6 22. Bb3
Rc8 23. Ne5 Bxd5 24. Nd3 Ba3 25. Rc3 c4 26. Bxa3 cxb3 27. Rxc8+ Nxc8 28. axb3
Bxb3 29. Nc5 Bc4 30. Nb7 f5 31. Nd6 Nxd6 32. Bxd6 $10 a5 33. f4 Kf7 34. Kf2 Ke6
35. Bf8 Kd5 36. Ke3 Bf1 37. g4 Bxh3 38. g5 Kc4 39. Kd2 Kb3 40. Kc1 Bg2 41. Kb1
a4 42. Ka1 Bd5 43. Bd6 Bg8 44. Be5 a3 45. Bb8 a2 46. Be5 Kc2 47. Bb8 Kd3 48.
Bc7 Ke4 49. Bb8 Kf3 50. Bc7 Kg4 51. Bb8 Kh5 52. Bc7 h6 1/2-1/2

[Event "Match/Nation FRA-BUL 31-41"]
[Site "St Maxime"]
[Date "1984.10.??"]
[Round "4"]
[White "Andruet, Gilles"]
[Black "Georgiev, Kiril"]
[Result "1-0"]
[WhiteElo "2400"]
[BlackElo "2515"]
[Annotator "Primel,D"]
[PlyCount "79"]
[EventDate "1984.10.10"]
[EventType "team-schev"]
[EventRounds "12"]
[EventCountry "FRA"]
[SourceTitle "EXT 2018"]
[Source "ChessBase"]
[SourceDate "2017.10.13"]
[SourceVersion "1"]
[SourceVersionDate "2017.10.13"]
[SourceQuality "1"]
[WhiteTeam "France"]
[BlackTeam "Bulgaria"]
[WhiteTeamCountry "FRA"]
[BlackTeamCountry "BUL"]

1. d4 Nf6 2. c4 e6 3. Nf3 c5 4. d5 exd5 5. cxd5 d6 6. Nc3 g6 7. Bf4 a6 8. e4 (
8. a4) 8... b5 9. Qe2 Nh5 10. Bg5 Be7 11. Bh6 Bf8 $146 (11... b4 12. Nd1 Bf8
13. Bxf8 Kxf8 14. Nd2 Kg7 15. Ne3 Re8 16. g3 a5 17. f4 f5 18. exf5 Ra7 19.
O-O-O a4 20. Ndc4 a3 21. fxg6 hxg6 22. Qc2 Qf6 23. Bd3 Na6 24. Rhe1 Bd7 25. f5
b3 26. Qxb3 Nb4 27. fxg6 Rb8 28. Kb1 axb2 29. Rf1 Nxa2 30. Qxb8 Nc3+ 31. Kc2
Ra2 32. Rb1 Ba4+ 33. Kd2 Nxb1+ 34. Rxb1 Qf2+ 35. Be2 Nf6 36. Qc7+ Kxg6 37. Qxd6
Ra1 38. Ne5+ Kg7 39. Qe7+ Kh8 40. Qf8+ Ng8 41. Qxf2 {McCambridge,V (2440)
-Lobron,E (2440) Dortmund 1982 1-0}) 12. Bg5 Be7 13. Bh6 Bg4 (13... Bf8) (13...
Nd7 {[%csl Ge5]}) 14. e5 $1 Bxf3 15. gxf3 f5 16. exf6 Nxf6 17. Bh3 Qc7 18. O-O
Kd8 19. Rfe1 Re8 20. Be6 $40 Bf8 21. Bg5 Be7 22. Ne4 Nbd7 23. Bf7 Rf8 24. Bh6
Nxe4 25. Bxf8 Bxf8 26. Qxe4 Nf6 27. Qe8+ Nxe8 28. Rxe8+ Kd7 29. Rxa8 Ke7 30.
Bg8 Bh6 (30... Bg7 31. Re1+ Be5 32. f4 Qb7) 31. Re1+ Kf6 32. Rae8 Qg7 33. h4
Bf4 34. R1e6+ Kf5 35. R6e7 Qxb2 36. Rf7+ Qf6 37. Rxf6+ Kxf6 38. Kf1 h5 39. Be6
c4 40. Ke2 1-0

[Event "Belgrade RAD 30"]
[Site "Belgrade"]
[Date "1977.01.20"]
[Round "5.7"]
[White "Bukic, Enver"]
[Black "Velimirovic, Dragoljub"]
[Result "1/2-1/2"]
[WhiteElo "2480"]
[BlackElo "2525"]
[Annotator "Primel,D"]
[PlyCount "148"]
[EventDate "1977.01.15"]
[EventType "tourn"]
[EventRounds "13"]
[EventCountry "SRB"]
[EventCategory "9"]
[SourceTitle "EXT 2010"]
[Source "ChessBase"]
[SourceDate "2010.11.25"]
[SourceVersion "1"]
[SourceVersionDate "2010.11.25"]
[SourceQuality "1"]
[TimeControl "40/9000:16/5400:0"]

1. d4 Nf6 2. c4 c5 3. d5 e6 4. Nc3 exd5 5. cxd5 d6 6. Nf3 g6 7. Bf4 a6 8. a4
Bg7 9. e4 O-O 10. Nd2 Nh5 11. Be3 Bd4 $146 (11... Nd7 12. Be2 Ne5 13. O-O Qh4
14. f4 Ng4 15. Bxg4 Bxg4 16. Qe1 Qe7 17. Qf2 Rfe8 18. Rae1 b5 19. axb5 axb5 20.
Nxb5 Rab8 21. Na3 Bc8 22. e5 dxe5 23. fxe5 Qd7 24. Ndc4 Ba6 25. Bxc5 Bxc4 26.
Nxc4 Qxd5 27. Nb6 Qe6 28. Bd6 Rb7 29. Na4 Qc4 30. Nc5 Ra7 31. Re4 Qd5 32. g4
Bxe5 33. Bxe5 Rxe5 34. Rxe5 Qxe5 35. Nd3 Qe7 36. gxh5 Rd7 37. Nf4 Qb4 38. h6
Rd2 39. Qe3 {1-0 (39) Vukic,M (2510)-Hulak,K (2470) Banja Luka 1976}) (11... f5
) 12. Nc4 Bxe3 13. Nxe3 Nd7 14. g3 Rb8 15. a5 Ng7 16. Bg2 f5 17. O-O Nf6 18.
exf5 Nxf5 19. Nxf5 Bxf5 20. Qd2 Re8 21. h3 h5 22. Qf4 (22. Qh6 $5 {Inf 23/128})
22... Qd7 23. Rfe1 Kg7 24. Kh2 Re7 25. Na4 Rbe8 26. Nb6 Qc7 27. Rxe7+ Rxe7 28.
Ra3 $5 Be4 29. Re3 Bxg2 30. Kxg2 Re5 $132 {[%csl Rd5]} 31. Rxe5 dxe5 32. Qc4
Qd6 (32... Ne8 {[%cal Ge8d6]} 33. Na4 {[%csl Rc5]}) 33. Na4 Nxd5 34. Qxc5 Qe6
35. Nc3 Nxc3 36. Qxc3 Qd5+ 37. Kg1 Kf6 38. Qc7 Kf5 39. Qc8+ Ke4 40. Qc3 Qd3 41.
Qb4+ Kf3 42. Qxb7+ e4 43. Qb6 Qd1+ 44. Kh2 Qe1 45. Qf6+ Ke2 46. Qxa6+ Kxf2 47.
Qf6+ Ke3 48. Qc3+ Qxc3 49. bxc3 Kd3 50. a6 e3 51. a7 e2 52. a8=Q e1=Q 53. Qa6+
Kd2 54. Qa2+ Kd3 (54... Kxc3 55. Qa5+) 55. Qd5+ Kc2 56. c4 Kb3 57. c5+ Kb4 58.
c6 Qe2+ 59. Qg2 Qc4 60. c7 Qxc7 $11 61. Qb2+ Ka5 62. Qa2+ Kb6 63. Qb1+ Kc6 64.
Qxg6+ Qd6 65. Qe8+ Kc7 66. Qf7+ Kd8 67. Qf4 Qd5 68. g4 hxg4 69. hxg4 Ke7 70.
Qe3+ Kf7 71. Qf4+ Kg6 72. Qe3 Qc4 73. Kh3 Qd5 74. Qe8+ Kg7 1/2-1/2

[Event "ISR-chT"]
[Site "Israel"]
[Date "1996.??.??"]
[Round "10"]
[White "Rechlis, Gad"]
[Black "Psakhis, Lev"]
[Result "0-1"]
[WhiteElo "2510"]
[BlackElo "2610"]
[Annotator "Psakhis,L"]
[PlyCount "98"]
[EventDate "1996.??.??"]
[EventType "team"]
[EventRounds "11"]
[EventCountry "ISR"]
[SourceTitle "CBM 052 Extra"]
[Source "ChessBase"]
[SourceDate "1996.07.01"]
[SourceVersion "1"]
[SourceVersionDate "1996.07.01"]
[SourceQuality "1"]

1. d4 Nf6 2. c4 e6 3. Nf3 c5 4. d5 d6 5. Nc3 exd5 6. cxd5 g6 7. e4 Bg7 8. h3
O-O 9. Bd3 b5 10. Nxb5 Re8 11. O-O Nxe4 12. Re1 (12. Bxe4 Rxe4 13. Re1 Rxe1+
14. Qxe1 a6 15. Nc7 Ra7 16. Qe8+ Qxe8 17. Nxe8 Bb7 18. Nxg7 Kxg7 19. Bf4 Bxd5
20. Bxd6 Nd7 21. b3 a5 22. Rc1 a4 23. Bxc5 Nxc5 24. Rxc5 axb3 25. axb3 {
Stoisavljevic,S-Jovanovic,S/YUG t-ch/1994/}) 12... a6 13. Na3 Nf6 14. Nc4 $6 {
N/} (14. Rxe8+ Nxe8 15. Bg5 $5 (15. Nc4 Nd7 16. Bg5 Ndf6 $5 17. Qb3 a5 18. Re1
Ba6 $13 {Tukmakov,V-Suba,M/Geneva/1995/0:1/37/}) 15... Bf6 (15... Qc7 16. Qa4
Nf6 17. Re1 Bb7 18. Bxf6 Bxf6 19. Qf4 Nd7 $10 {Cebalo,M-Chabanon,JL/Geneva op/
1996/0:1/56/}) 16. Qd2 Nd7 17. Nc4 (17. Re1 Bb7 18. Be4 Bxg5 19. Nxg5 Ndf6 20.
Nc4 Rc8 21. Bf3 Rc7 {Bilobrk,F-Cebalo,M/Zadar/1995/0,5/39/}) 17... Bb7 18. Be4
Bxg5 19. Nxg5 Ndf6 20. Re1 $14 {Dreev,A-De Firmian,N/Biel/1995/1:0/27/}) 14...
Rxe1+ 15. Qxe1 (15. Nxe1 Bb7 16. Bf4 Bf8 17. Bg5 $5) 15... Bb7 (15... Nxd5 $2
16. Be4 Bb7 17. Na5 $18) 16. Bf4 Bf8 $1 (16... Nxd5 17. Bxd6 Nd7 (17... Bxb2
18. Rb1 Nb4 (18... Bc3 19. Qc1 (19. Qe4 Bc6 $1 $13) 19... Bc6 20. Bxc5 $14) 19.
Qe3 Bg7 20. a3 $36) 18. Rd1 $14) (16... Bxd5 $6 17. Nxd6 Bxf3 18. gxf3 Nh5 19.
Nxf7 $1 Qf8 20. Nh6+ (20. Bd6 $5 Qxf7 $140 21. Bc4 $1) 20... Kh8 (20... Bxh6
21. Bxh6 Qxh6 22. Qe6+ Kg7 23. Qe7+ Kh8 24. Be4) 21. Bd6 Qc8 22. Nf7+ Kg8 23.
Bc4 $18) 17. Be4 $1 Qc7 (17... Bxd5 18. Bxd5 Nxd5 19. Qe4 Nc7 20. Rd1 $44) (
17... Nxd5 18. Na5 $1) 18. Qa5 $1 Qxa5 19. Nxa5 Ra7 (19... Bxd5 $6 20. Bxd5
Nxd5 21. Bxd6 $3 Bxd6 22. Rd1 Bc7 23. Rxd5 Bxa5 24. Rxc5 Bb4 25. Rc8+ Kg7 26.
Ne5 $16) (19... Nxe4 20. Nxb7 Nd7 21. Re1) 20. Re1 Bxd5 (20... Ba8 21. Nd2 $1
Bxd5 22. Bxd5 Nxd5 23. Bg3 $44) 21. Bxd5 Nxd5 22. Bg3 Nf6 $8 23. Nc4 Rd7 (23...
Rb7 24. Nxd6 Rxb2 25. Be5 $44) 24. Bh4 $1 Nd5 (24... Kg7 $2 25. Bxf6+ Kxf6 26.
Re8 $18) 25. Re8 Nc6 26. Bg3 (26. Ra8 $5 Nc7 27. Rc8 Na7 (27... f5 $5 28. Nb6 (
28. Nxd6 $4 Rxd6 29. Rxc7 Rd1+ 30. Kh2 Bd6+ $19) 28... Rf7 29. Bg3 Na7 $13) 28.
Rb8 Nd5 29. Bg3 Nc6 $13) 26... Kg7 27. Ra8 f5 $5 (27... Nc7 28. Rc8 Ne7 29. Rb8
$44 Nf5 $140 30. Rb7 Nxg3 31. fxg3 d5 32. Nce5 $1 (32. Nb6 Rd6) 32... Re7 33.
Nc6 Re2 (33... Rd7 34. Nfe5) 34. Rxc7 $16) 28. Rxa6 Ncb4 29. Ra8 f4 30. Bh4 (
30. Ng5 Nc7 (30... Re7 31. Bh4 h6 32. Nf3 Rd7) 31. Rxf8 Kxf8 32. Bxf4 Ne8 $17)
(30. Bh2 $5) 30... h6 31. Bd8 $138 (31. a3 $1 Nd3 32. Rd8 Rxd8 33. Bxd8 Kf7 $10
) 31... Nxa2 $1 $17 32. Nfd2 Nab4 33. Ne4 Nc6 34. Ba5 Nxa5 35. Rxa5 Nf6 $1 36.
Nxf6 Kxf6 37. Ra8 Be7 38. Nb6 (38. Ra6 $5 Kf5 39. Kf1 d5 40. Nd2) 38... Rb7 39.
Nd5+ (39. Ra6 Ke6) 39... Ke5 40. Nxe7 Rxe7 $19 41. Rb8 c4 $1 42. Kf1 (42. b3 c3
) 42... Kd4 43. h4 d5 44. Rb6 Kd3 45. Rxg6 Rb7 46. Rxh6 Rxb2 (46... c3 $1) 47.
g4 f3 48. Kg1 c3 49. Rc6 Rb4 0-1

[Event "Olympiad-29"]
[Site "Novi Sad"]
[Date "1990.12.01"]
[Round "13"]
[White "Skembris, Spyridon"]
[Black "Psakhis, Lev"]
[Result "0-1"]
[WhiteElo "2455"]
[BlackElo "2575"]
[Annotator "Psakhis,L"]
[PlyCount "98"]
[EventDate "1990.11.17"]
[EventType "team-swiss"]
[EventRounds "14"]
[EventCountry "YUG"]
[SourceTitle "TD"]
[Source "ChessBase"]
[SourceDate "1994.03.01"]
[SourceVersion "1"]
[SourceVersionDate "1994.03.01"]
[SourceQuality "1"]
[WhiteTeam "Greece"]
[BlackTeam "Israel"]
[WhiteTeamCountry "GRE"]
[BlackTeamCountry "ISR"]

1. d4 Nf6 2. c4 e6 3. Nf3 c5 4. d5 d6 5. Nc3 exd5 6. cxd5 g6 7. e4 a6 8. a4 (8.
h3 b5 $13) 8... Bg4 9. Be2 (9. Qb3 $5 Bxf3 10. Qxb7 Nbd7 11. gxf3 $13) 9...
Bxf3 $5 10. Bxf3 Nbd7 (10... Bg7 11. Bf4) 11. O-O Bg7 12. a5 (12. Bf4 Qe7)
12... O-O 13. Bf4 Qc7 (13... Ne8 $5) (13... Qe7 $5) 14. Ra4 $5 Rfe8 15. Qc2 h5
$5 (15... b5 16. axb6 Nxb6 17. Ra2 {P fa1, <->a6}) 16. Nb1 $1 {P d2-c4 <->d6,
b1 P b4} b5 $1 $8 17. axb6 Nxb6 18. Ra2 Qe7 $1 19. Nd2 Nfd7 20. Rfa1 Bd4 $1 $8
21. Nb3 $1 (21. Rxa6 $2 Rxa6 22. Rxa6 g5 23. Be3 Bxe3 24. fxe3 g4 25. Be2 Nxd5
$1) 21... Nxd5 $1 22. Bd2 $1 (22. Nxd4 $2 Nxf4) 22... N5b6 (22... Nc7 $143 $4
23. Nxd4) (22... N5f6 23. e5 $1) 23. Nxd4 cxd4 24. b4 $5 (24. Rxa6 Rxa6 25.
Rxa6 d5 $1 26. e5 $8 Qxe5 $13) (24. Qd3 Qf6) 24... Rac8 25. Qd1 (25. Qd3 $5)
25... Nc4 26. Be1 (26. Rxa6 Nde5 $1) 26... Qf6 27. Rb1 $1 Qe5 $5 (27... Rc6 28.
e5 dxe5 29. Bxc6 Qxc6 30. Qa4 (30. Rba1 $1) 30... Qd5 31. Qxa6 $140 Ndb6 $1 {
P a8}) (27... Nde5 28. Be2 Rc6 29. Kh1 $1 {P d4} Nd7 30. Qa4 $1) 28. Rxa6 d5 $5
(28... f5 $2 29. exf5 Nb2 30. Qb3+) (28... Nf6 $5) 29. exd5 $8 Nb2 30. Qd2 $8
Rc2 $138 (30... Nd3 31. Qxd3 Qxe1+ 32. Qf1) 31. Re6 $3 $138 Rxe6 $8 32. dxe6
Rxd2 33. exd7 Qe7 34. Bxd2 Nc4 35. Be1 (35. Bc6 $3 Nxd2 36. Ra1 Kg7 (36... h4
$6 37. d8=Q+ Qxd8 38. Ra8 Qxa8 39. Bxa8 Nc4 40. Kf1 $18) 37. h4 d3 38. Rd1 $1
Nc4 39. Rxd3 Qd8 40. b5 Nb6 $13) 35... Qxd7 36. b5 Qe6 37. Kf1 d3 $1 38. Rd1
Qd6 39. g3 $2 (39. Bc3 $1) 39... Qd4 $1 (39... d2 $2 40. Bxd2 $1 Nxd2+ 41. Ke2
$10) 40. Bd2 Qb2 41. Be3 Qxb5 (41... Nxe3+ 42. fxe3 Qxb5) 42. Bd4 Kh7 43. Be4 (
43. Rxd3 Nd2+ $1 44. Ke2 Nxf3 $19) 43... d2 44. Kg2 h4 $1 $19 (44... Qb3 45.
Bf3 Qd3 46. Bf6 {P h4}) 45. h3 (45. Bf3 h3+ 46. Kxh3 $140 Qd7+) (45. gxh4 Qd7)
45... hxg3 46. Bf3 (46. Kxg3 Qg5+ 47. Kf3 Qh5+) (46. fxg3 Ne3+ $1 47. Bxe3 Qe2+
) 46... gxf2 47. Kxf2 Qb8 48. Ke2 Qd6 49. Bf2 Qe6+ {50. d3 b2, 50. f1 h3 51.
e2 e6 52. f1 e3} 0-1